| 000 | 02277agaaa2200337 4500 | ||
|---|---|---|---|
| 001 | 1466 | ||
| 003 | IT-RoPAU | ||
| 005 | 20220918181248.0 | ||
| 007 | d cvaizq | ||
| 008 | 50131s9999||||xx ||| | || ||und|| | ||
| 040 |
_aIT-RoPAU _cIT-RoPAU |
||
| 041 | _aITALIANO | ||
| 100 |
_aBresson Robert _gCodice regista SPICS: 8815 _948161 |
||
| 130 |
_a"LANCILLOTTO E GINEVRA (2 TEMPI) 3/4""" _948162 |
||
| 240 |
_aLANCELOT DU LAC _gT1215 |
||
| 245 |
_aLANCILLOTTO E GINEVRA (2 TEMPI) 3/4 _cProdotto da: Yanne J. Rassam J.P. -- Sceneggiatura: Bresson Robert -- Diretto da: Bresson Robert _pLANCILLOTTO E GINEVRA (2 TEMPI) 3/4 (Rif. Codice opera principale : 21466) |
||
| 246 | _aLANCELOT DU LAC | ||
| 250 | _aEdizione Standard | ||
| 260 |
_aPARIGI (FRANCIA) _bMARA FILM - LASER P. - ORTF - GERICO S / Distribuzione: RAI _g"1974 (1° ed.: 1982 ; Ed. Lingua Orig.: 1974)" |
||
| 300 |
_aVHS 3/4 _bsonoro, col. _c85 minuti |
||
| 508 | _a"Fotografia: De Santis Pasqualino; Montaggio: Lamy Germaine; Musica: Sarde Philippe; Sceneggiatura: Bresson Robert; Scenografia: Charbonnier Pierre; " | ||
| 511 | _a"Simon Luc; Duke Laura; Balsam Humbert; Antolek-Oresek Vladimir; Bernard Patrick" | ||
| 520 | _a"QUESTO-FILM-E'-UNA-SEVERA-METAFORA-DELL'INFELICITA'-DELL'UOMO-CHE-A-CAUSA-DEI-SUOI-PECCATI-HA-PERDUTO-LA-GRAZIA MOSSI-DALLO-SCOPO-DI-RICERCARE-LA-COPPA-IN-CUI-GIUSEPPE-D'ARIMATEA-AVREBBE-RACCOLTO-IL-SANGUE-DI-GESU'-CROCIFISSO-I-CAVALIERI-DELLA-TAVOLA-ROTONDA-TRASFORMANO-LA-LORO-SPEDIZIONE-IN-UN'AVVENTURA-SANGUINOSA-DI-COMBATTIMENTO-E-DI-MORTE ARTU'-LI-INVITA-A-RITROVARE-IL-SIGNIFICATO-DELLA-LORO-ESISTENZA-NEL-MONDO-MA-LANCILLOTTO-NE-E'-FRENATO-DAL-SUO-COLPEVOLE-AMORE-PER-GINEVRA NE'-LANCILLOTTO-NE'-GLI-ALTRI-TROVANO-NELLE-NORME-DEL-CODICE-CAVALLERESCO-UN-AIUTO-A-RECUPERARE-LA-PROPRIA-INTERIORITA'MORTE-DI-LANCILLOTTO-E-DEGLI-ALTRI-CAVALIERIFILM A COLORI IN DUE VIDEOCASSETTE DA 3/4""" | ||
| 538 | _aPAL, STEREO | ||
| 546 | _aITALIANO | ||
| 650 |
_aDRAMMATICO _e"FILMS [VHS 3/4""]" _xCodice MATERIA SPICS: 9960 _934083 |
||
| 700 |
_aBresson Robert _e(regista) _gCodice regista SPICS: 8815 _948163 |
||
| 700 |
_aBresson Robert _e(soggetto) _gCodice Soggetto SPICS: 8815 _948164 |
||
| 700 |
_aSarde Philippe _e(musica) _gCodice Musica SPICS: 11145 _948165 |
||
| 942 |
_cVS _2ddc |
||
| 999 |
_c106681 _d106681 |
||